Condiciones del suelo y desarrollo de las plantas según Rusell
محفوظ في:
| المؤلفون الرئيسيون: | , |
|---|---|
| التنسيق: | كتاب |
| اللغة: | الإسبانية |
| منشور في: |
Madrid
Mundi-Prensa
1992
|
| الموضوعات: | |
| الوسوم: |
إضافة وسم
لا توجد وسوم, كن أول من يضع وسما على هذه التسجيلة!
|
MARC
| LEADER | 00000nam a2200000 a 4500 | ||
|---|---|---|---|
| 001 | UCY0368 | ||
| 003 | CL-VaPUC | ||
| 008 | 940728e19920000SP |||||||||||||||||spa|d | ||
| 082 | 0 | 4 | |a 631.4 |b RUS |2 21 |
| 100 | 0 | |a Russell, E. John |e author |9 328032 | |
| 700 | 0 | |a Wild, Alan |e author |9 328033 | |
| 245 | 1 | 0 | |a Condiciones del suelo y desarrollo de las plantas según Rusell |
| 300 | |a 1045 p | ||
| 942 | |c BK | ||
| 945 | |d 19940728 00:00:00 |a mfernand | ||
| 260 | |a Madrid |b Mundi-Prensa |c 1992 | ||
| 650 | 0 | |a Suelos |9 260322 | |
| 650 | 7 | |a EDAFOLOGIA |2 CL-VaPUC |9 328034 | |
| 583 | |a last modification |c 19940728 00:00:00 |k Rodrigo Vera | ||
| 999 | |c 229378 |d 229376 | ||
| 952 | |0 0 |1 0 |4 0 |6 631_400000000000000_RUS_1992 |7 0 |8 A |9 230459 |a BIBAGR |b BIBAGR |d 2019-11-15 |i 2999358 |o 631.4 RUS 1992 |p 2999358 |r 2025-01-20 |w 2019-11-15 |y BK |k AGR | ||